|
|
|
|
| LEADER |
00000nab a2200000 a 4500 |
| 001 |
vtls001025797 |
| 003 |
SK-MaSNL |
| 005 |
20260303201335.0 |
| 008 |
040720e19990325xo 0 slo |
| 035 |
|
|
|a SL4353
|
| 040 |
|
|
|a SLLK
|b slo
|c SLLK
|e AACR2
|
| 041 |
0 |
|
|a slo
|
| 044 |
|
|
|a xo
|c SK
|
| 080 |
|
|
|a 329.4(437.6)SNS
|2 1981
|
| 100 |
0 |
|
|a Okresná rada SNS
|4 aut
|9 1232152
|
| 245 |
1 |
0 |
|a Politické spektrum
|
| 518 |
|
|
|a 12.03.1999
|
| 610 |
2 |
7 |
|a Slovenská národná strana (1990-)
|2 SLLK
|9 31006
|
| 650 |
0 |
7 |
|a konferencie okresné
|2 SLLK
|9 883874
|
| 650 |
0 |
7 |
|a rokovania
|2 SLLK
|9 29705
|
| 650 |
0 |
7 |
|a informácie
|2 SLLK
|9 1285
|
| 651 |
|
7 |
|a Stará Ľubovňa (Slovensko)
|2 SLLK
|9 19193
|
| 651 |
|
7 |
|a SL,
|2 SLLK
|9 1022390
|
| 655 |
|
7 |
|a periodikum
|2 snkbucl
|9 29553
|
| 710 |
2 |
|
|a Slovenská národná strana (1990-)
|4 aut
|9 31006
|
| 773 |
0 |
8 |
|t Ľubovnianske noviny
|g Roč. 25, č.12, 25.3.1999, s. 1
|
| 852 |
|
|
|a ZVYKNI
|b KIS3GCP
|
| 999 |
|
|
|c 2173438
|d 2175368
|